000 00455nam a2200157 i 4500
001 129400
003 ES-MaACL
005 20230906193507.0
007 t|
008 070614s1969 sp ||||1| spa d
100 1 _aThermolle, M.
_9109905
245 1 0 _aBreve manual de reparación del Citroën Dyhan
_b: Reparauto /
_cM. Thermolle.
260 _aMadrid :
_bAtika,
_c[1969]
300 _a65 p. :
_bil. ;
_c26 cm.
852 _aES-MaACL
_jC-41812
_bR.72392
999 _c129400
_d129400